| 000 | 00455nmm a22001577a 4500 | ||
|---|---|---|---|
| 005 | 20170210113121.0 | ||
| 008 | 150728b xxu||||| |||| 00| 0 spa d | ||
| 041 | _aspa | ||
| 082 | _aMD 142 | ||
| 100 |
_aBustamante Álvarez, Sergio _911272 |
||
| 245 | _aInforme de Práctica Supervisada realizado en el Laboratorio Dental Sergio Bustamante Álvarez | ||
| 260 | _c2013 | ||
| 650 |
_aCOSTA RICA _939444 |
||
| 650 |
_aPRÓTESIS PARCIAL _93678 |
||
| 942 | _cIP | ||
| 999 |
_c6830 _d6830 |
||